বাংলাদেশের আদিবাসী সাঁওতাল সম্প্রদায়ে নারীর ক্ষমতায়ন : (Record no. 77786)
[ view plain ]
| 000 -LEADER | |
|---|---|
| fixed length control field | 02719nam a2200349 a 4500 |
| 001 - CONTROL NUMBER | |
| control field | 77786 |
| 003 - CONTROL NUMBER IDENTIFIER | |
| rucl marc code | BD-RjUL |
| 005 - DATE AND TIME OF LATEST TRANSACTION | |
| control field | 20211209083026.0 |
| 008 - FIXED-LENGTH DATA ELEMENTS--GENERAL INFORMATION | |
| fixed length control field | 210112s 2008bg a|||| m||| 00| 0 ben d |
| 035 ## - SYSTEM CONTROL NUMBER | |
| System control number | (BD-RjUL)78012 |
| 040 ## - CATALOGING SOURCE | |
| Original cataloging agency | BD-RjUL |
| Language of cataloging | ben /eng |
| Transcribing agency | BD-RjU |
| Modifying agency | BD-RjU |
| 041 ## - LANGUAGE CODE | |
| Language code of text/sound track or separate title | ben |
| 082 ## - DEWEY DECIMAL CLASSIFICATION NUMBER | |
| Classification number | 305.80095492 |
| Author mark and year | BEB 2008 |
| Edition number | 23 |
| 099 ## - LOCAL FREE-TEXT CALL NUMBER (OCLC) | |
| Bangla Class number | |
| 100 ## - MAIN ENTRY--PERSONAL NAME | |
| Personal name | বেগম. সিতারা |
| 9 (RLIN) | 243516 |
| 245 10 - TITLE STATEMENT | |
| Title | বাংলাদেশের আদিবাসী সাঁওতাল সম্প্রদায়ে নারীর ক্ষমতায়ন : |
| Remainder of title | একটি এলাকা ভিত্তিক সমীক্ষা / |
| Statement of responsibility, etc. | সিতারা বেগম ; |
| Linkage | গবেষণা তত্ত্বাবধায়ক : মো. মকসুদুর রহমান |
| 260 ## - PUBLICATION, DISTRIBUTION, ETC. (IMPRINT) | |
| Place of publication, distribution, etc. | রাজশাহী : |
| Name of publisher, distributor, etc. | রাষ্ট্রবিজ্ঞান বিভাগ, রাজশাহী বিশ্ববিদ্যালয়, |
| Date of publication, distribution, etc. | ২০০৮ |
| 300 ## - PHYSICAL DESCRIPTION | |
| Pagination | xxviii, ২৪৯ পাতা : |
| Illustrations | চিএ ; |
| Size | ২৯ সেমি. |
| 502 ## - DISSERTATION NOTE | |
| Dissertation note | থিসিস (পিএইচ.ডি.) -- রাষ্ট্রবিজ্ঞান বিভাগ, রাজশাহী বিশ্ববিদ্যালয়,২০০৮ |
| 504 ## - BIBLIOGRAPHY, ETC. NOTE | |
| Bibliography, etc | গ্রন্থপঞ্জি পাতা ; [২২৯]-২৩৩ |
| 600 ## - SUBJECT ADDED ENTRY--PERSONAL NAME | |
| Titles and other words associated with a name | |
| Fuller form of name | |
| Chronological subdivision | |
| Dates associated with a name | |
| 650 ## - SUBJECT ADDED ENTRY--TOPICAL TERM | |
| Topical term or geographic name as entry element | সাঁওতাল (দক্ষিণ এশিয়ার লোক) |
| Geographic subdivision | বাংলাদেশ |
| -- | রাজশাহী |
| -- | গোদাগাড়ী থানা |
| General subdivision | সামাজিক পরিস্থিতি |
| 9 (RLIN) | 118928 |
| Topical term or geographic name as entry element | Santal (South Asian people) |
| Geographic subdivision | Bangladesh |
| -- | Rajshahi |
| -- | Godagari Thana |
| General subdivision | Social conditions |
| 9 (RLIN) | 243635 |
| Topical term or geographic name as entry element | সাঁওতাল (দক্ষিণ এশিয়ার লোক) |
| Geographic subdivision | বাংলাদেশ |
| -- | রাজশাহী |
| -- | গোদাগাড়ী থানা |
| General subdivision | অর্থনৈতিক অবস্থা। |
| 9 (RLIN) | 118928 |
| Topical term or geographic name as entry element | Santal (South Asian people) |
| Geographic subdivision | Bangladesh - |
| -- | Rajshahi |
| -- | Godagari Thana |
| General subdivision | Economic conditions |
| 9 (RLIN) | 243636 |
| Topical term or geographic name as entry element | আদিবাসী জনগণ |
| Geographic subdivision | বাংলাদেশ |
| -- | রাজশাহী |
| -- | গোদাগাড়ী থানা |
| -- | সামাজিক জীবন এবং রীতিনীতি |
| 9 (RLIN) | 243637 |
| Topical term or geographic name as entry element | Indigenous peoples |
| Geographic subdivision | Bangladesh |
| -- | Rajshahi |
| -- | Godagari Thana |
| General subdivision | Social life and customs |
| 9 (RLIN) | 243638 |
| Topical term or geographic name as entry element | নৃতাত্ত্বিক |
| Geographic subdivision | বাংলাদেশ |
| 9 (RLIN) | 242599 |
| Topical term or geographic name as entry element | Ethnology |
| Geographic subdivision | Bangladesh. |
| 9 (RLIN) | 243639 |
| 700 ## - ADDED ENTRY--PERSONAL NAME | |
| Personal name | রহমান, মো. মকসুদুর, গবেষণা তত্ত্বাবধায়ক |
| 942 ## - ADDED ENTRY ELEMENTS (KOHA) | |
| Source of classification or shelving scheme | Dewey Decimal Classification |
| Koha item type | Theses |
| Lost status | Source of classification or shelving scheme | Damaged status | Not for loan | Collection code | Permanent Location | Current Location | Shelving location | Date acquired | Source of acquisition | Total Checkouts | Full call number | Date last seen | Copy number | Koha item type |
|---|---|---|---|---|---|---|---|---|---|---|---|---|---|---|
| Dewey Decimal Classification | Not For Loan | Theses | Central Library, University of Rajshahi | Central Library, University of Rajshahi | Documentation Section | 08/11/2010 | Controller of Exam., R.U. | BTHE 305.80095492 BEB 2008 | 12/01/2021 | C-1 | Theses |